曲名が歌詞に出てこないシャニマス曲 - Statistics

General Stats
  • This quiz has been taken 55 times
  • The average score is 37 of 53
Answer Stats
ユニット Answer % Correct
平行線の美学
89%
コメティック 無自覚アプリオリ
87%
五ツ座流星群
82%
虹の行方
80%
ソロ 夢見鳥
80%
プラスチック・アンブレラ
80%
放課後クライマックスガールズ 夢咲きAfter School
80%
学祭革命夜明け前
78%
相合学舎
78%
イルミネーションスターズ FELICE
78%
Reflection
78%
よりみちサンセット
76%
チョコデート・サンデー
76%
あおぞらサイダー
76%
千夜アリア
76%
ストレイライト Hide & Attack
76%
全体 Multicolored Sky
76%
SWEET♡STEP
76%
一閃は君が導く
73%
ハナサカサイサイ
73%
ハナマルバッジ
73%
雪・月・風・花
73%
ノクチル Catch the Breeze
73%
statice
73%
愚者の独白
71%
キャットスクワッド
71%
誰ソ彼アイデンティティー
71%
過純性ブリーチ
71%
Damascus Cocktail
71%
Resonance⁺
71%
アンティーカ 幻惑SILHOUETTE
71%
純白トロイメライ
69%
革命進化論
69%
浮動性イノセンス
69%
とある英雄たちの物語
69%
星の声
67%
abyss of conflict
67%
Destined Rival
67%
Secret utopIA
67%
ひめくりモザイク
64%
わたしの主人公はわたしだから!
64%
アスファルトを鳴らして
62%
Another Rampage
62%
FUTURITY SMILE
62%
Overdrive Emotion
62%
有彩色ユリイカ
60%
SNOW FLAKES MEMORIES
60%
その他 デビ太郎のうた
58%
プラニスフィア ~planisphere~
53%
ホムラインビテーション
51%
裸足じゃイラレナイ
49%
アルストロメリア VERY BERRY LOVE
40%
シャイニーエクササイズ
31%
No matching quizzes found
Score Distribution
Percent of People with Each Score
Percentile by Number Answered
Your Score History
You have not taken this quiz